01508nam a2200253 a 4500001001000000003000900010005001700019007000300036008003700039020001800076040003100094082003000125110006300155245010700218264011100325300005700436336002700493337003300520338002800553505021600581520036400797651005801161700003501219000017883DO-SdBPM20250919132552.0ta100407s2015 dr ad 000 0 spa d a9789945898477 aDO-SdBPMbspacBPMSU drda 4a317.2932bR426pe 20152222 aRepública Dominicana bOficina Nacional de Estadística00aPerfiles estadísticos provinciales : bregiones Cibao sur -Nordeste /cpresentación Pablo Tactuk. aSanto Domingo :bFondo de las Naciones Unidas para la Infancia ;bOficina Nacional de Estadística,c2015 a196 páginas :bilustración, diagramas ;c28 cm. atextobtxt2rdacontent asin mediaciónbn2rdamedia avolumenbnc2rdacarrier0 aPresentación -- Región Cibao Sur 11 -- La Vega 13 -- Monseñor Nouel 39 -- Sánchez Ramírez 65 -- Región Cibao Nordeste 91 -- Duarte 93 -- Hermanas Mirabal 119 --María Trinidad Sánchez -- Samaná. aLa Oficina Nacional de Estadística (ONE), a través de su Departamento de Coordinación Estadística, presenta los perfiles estadísticos provinciales los cuales son una recopilación de informaciones estadísticas e indicadores sobre la situación socio-económica, demográfica y medioambiental de las provincias de la República Dominicana. 7aRepública Dominicana xPoblación xEstadística12aTactuk, Pabloepresentación